000 00496nam a22001937a 4500
003 MPLRDC
005 20220104190314.0
008 210129b ||||| |||| 00| 0 eng d
020 _a978-986-6807-44-2
082 _a173.1 LOU
100 _aRICHARD LOUV
245 _a失去山林的孩子
_c郝冰 等译
250 _a初版
260 _a台湾
_b野人文化股份有限公司
_c2009
300 _b
490 _a野人家: 41
650 _a儿童心理学
942 _cBK
_o173.1 LOU
999 _c63722
_d63712